000 00852nab a2200265 u 4500
001 07252
003 HDC
007 cr bn ---aaaaa
008 210127c mydr|nes 0 a may d
040 _aHDC
100 _aSuffian A Bakar
_eauthor
_97744
245 0 _aCGC sedia perkhidmatan tambahan bantu PKS /
_cby Suffian A Bakar
260 _aKuala Lumpur :
_bBERITA HARIAN,
_c2017
300 _apage B2
336 _atext
_2rdacontent
337 _acomputer
_2rdamedia
338 _aonline resource
_2rdacarrier
650 _aEconomy
_91877
650 _aFinance
_9103
650 _ainvestment Industry
_97742
856 _zRequest full-text at [email protected]
942 _2lcc
942 _cNEWS
942 _kNWSC 001113
999 _c4576
_d4576